La science nouvelle : 1725

Saved in:
Bibliographic Details
Main Author: Vico, Giambattista
Other Authors: Belgioioso, Cristina 1808-1871, De Belgiojoso, Princesse (Translator)
Format: Book
Language:French
Published: Saint Amand : Gallimard, 1993
Series:Collection Tel ; ; 227
Subjects:
Tags: Add Tag
No Tags, Be the first to tag this record!

MARC

LEADER 00000nam a2200000 i 4500
001 1/6585
008 960711s1993 fre d
020 |a 2-07-073134-0 
035 |l 10016404 
040 |a GR-MY-UA  |b gre  |e aacr 
041 0 |a fre 
082 0 |a 195 
100 1 |a Vico, Giambattista. 
245 1 3 |a La science nouvelle :  |b 1725 /  |c Giabattista Vico ; Traduit de l'italien par Christina Trivulzio; Princesse de Belgiojoso ; Preface de Phillipe Raynaud 
260 |a Saint Amand :   |b Gallimard,   |c 1993 
300 |a 432 p. 
490 1 |a Collection Tel  |v ; 227 
650 0 0 |a Philosophy, Italian  |y 18th century. 
650 0 0 |a Philosophy, European  |y 18th century. 
650 0 0 |a Philosophy and civilization. 
650 0 0 |a Philosophy, Italian  |x History. 
700 1 |a Belgioioso, Cristina  |d 1808-1871. 
700 1 |a De Belgiojoso, Princesse.  |4 trl 
830 0 |a Collection Tel ;  |v ; 227 
852 |a INST  |b LESVOS  |e 19960711  |h 195 VIC  |p 005100009731  |q 005100009731  |t BK  |y 0 
909 |a Λ  |b 044991 
922 |a 1ΔΩΡ  |b 199604  |c ΤΚΑ